000 01575cam a22003614a 4500
001 115330
005 20230410103915.0
008 120611s2012 nyub b 001 0 eng
035 _a17341433
010 _a 2012022111
020 _a9780231704205 (alk. paper)
040 _aDLC
_cDLC
_dDLC
042 _apcc
043 _aa-sy---
050 1 4 _a432 DS 98.6
_bS796r 2012
082 0 0 _a956.9104
100 1 _aStarr, Stephen.
245 1 0 _aRevolt in Syria :
_beye-witness to the uprising /
_cStephen Starr.
260 _aNew York :
_bColumbia University Press,
_c2012.
300 _axii, 226 p. :
_bmaps ;
_c22 cm.
504 _aIncludes bibliographical references (p. 217-218) and index.
505 0 _aDamascus : dragged towards revolt -- The minorities and Syria's revolt -- Lies, half-truths and videos : the media and the uprising -- The gap between state and society -- Revolution through the eyes of the rich and poor -- The uprising and Syria's youth -- Being a foreigner, a resident and a journalist in the revolt -- History, blame and responsibility.
651 0 _aSyria
_xPolitics and government
_y2000-
651 0 _aSyria
_xSocial conditions
_y21st century.
650 0 _aProtest movements
_zSyria
_xHistory
_y21st century.
650 0 _aPolitical violence
_zSyria
_xHistory
_y21st century.
650 4 _aMovimientos de protesta
_zSiria
_xHistoria
_ySiglo 21.
650 4 _aViolencia política
_zSiría
_xHistoria
_ySiglo 21.
600 1 0 _aStarr, Stephen
_xTravel
_zSyria.
650 0 _aJournalists
_zSyria
_vBiography.
942 _2lcc
_cbk
946 _aMaaM
999 _c28179
_d28179